000 00270nam a2200121Ia 4500
008 190216s9999||||xx |||||||||||||| ||und||
100 _aTrivedi H
245 0 _aHindi-Mahapurushan Ki Smaran
260 _bRajkamal
_c2008
300 _a80
650 _aHindi
942 _cBK
999 _c16558
_d16558